[Event "United Insurance 7th"]
[Site "Dhaka"]
[Date "2004.05.12"]
[Round "7"]
[White "Sankalp, Modwal"]
[Black "Thapa, Krishna"]
[Result "0-1"]
[WhiteElo "1953"]
[BlackElo "2126"]
[PlyCount "116"]
[EventDate "2004.05.07"]
[EventType "swiss"]
[EventRounds "11"]
[EventCountry "BAN"]
[SourceTitle "CBM 100 Extra"]
[Source "ChessBase"]
[SourceDate "2004.07.06"]
[SourceVersion "2"]
[SourceVersionDate "2004.07.06"]
[SourceQuality "1"]

1. e4 d6 2. d4 Nf6 3. Nc3 g6 4. Be3 c6 5. Qd2 b5 6. f3 a6 7. g4 Bb7 8. h4 Nbd7 9. 0-0-0 Nb6 10. h5 Qc7 11. hxg6 fxg6 12. Nh3 Bc8 13. Nf4 Bg7 14. g5 Ng8 15. Bh3 Nc4 16. Qd3 Nxe3 17. Qxe3 e5 18. dxe5 Bxe5 19. Ne6 Bxe6 20. Bxe6 Qe7 21. Bxg8 Rxg8 22. f4 Bxc3 23. Qxc3 Kd7 24. e5 d5 25. Qh3+ Kc7 26. Qxh7 Rg7 27. Qh3 Rf8 28. Qe3 Kb7 29. e6 Qd6 30. Rde1 Re7 31. Rh6 Rxf4 32. Qe5 Qxe5 33. Rxe5 Kc7 34. Rxg6 Kd6 35. Re2 Rf8 36. b4 Rf4 37. c3 a5 38. Rf6 Rg4 39. bxa5 Rxg5 40. Rf8 Rg4 41. Ra8 Ra4 42. a6 Kc5 43. Rd8 Rxa6 44. Rd7 Re8 45. e7 Raa8 46. Re6 Rac8 47. Kb2 Kc4 48. Rd8 Rxe7 49. Rdd6 Rxe6 50. Rxe6 c5 51. Re2 Rf8 52. Rd2 Rf3 53. Rc2 Re3 54. Rc1 Re2+ 55. Ka3 Rd2 56. Rc2 b4+ 57. cxb4+ Rxc2 58. bxc5 Kxc5 0-1

[Event "United Insurance 7th"]
[Site "Dhaka"]
[Date "2004.05.09"]
[Round "3"]
[White "Hossain, Showkat Pollab"]
[Black "Sankalp, Modwal"]
[Result "1-0"]
[WhiteElo "2275"]
[BlackElo "1953"]
[PlyCount "85"]
[EventDate "2004.05.07"]
[EventType "swiss"]
[EventRounds "11"]
[EventCountry "BAN"]
[SourceTitle "CBM 100 Extra"]
[Source "ChessBase"]
[SourceDate "2004.07.06"]
[SourceVersion "2"]
[SourceVersionDate "2004.07.06"]
[SourceQuality "1"]

1. e4 c5 2. Nf3 d6 3. c3 Nf6 4. Be2 e5 5. 0-0 Nc6 6. d4 cxd4 7. cxd4 Be7 8. Nc3 0-0 9. h3 h6 10. Be3 b6 11. Qd2 Bb7 12. Rfe1 Rc8 13. Bd3 Nb4 14. Bb1 Nc6 15. Nd5 Nxd5 16. exd5 Nxd4 17. Nxd4 exd4 18. Bxh6 Bf6 19. Qd3 g6 20. Bxf8 Qxf8 21. Qf3 Be5 22. a3 Qe8 23. Bd3 Rc5 24. b4 Rc3 25. Rec1 Qc8 26. Rd1 Qa8 27. Qg4 Kg7 28. f4 Bf6 29. h4 Bc8 30. Qf3 Bxh4 31. g4 Bd8 32. Ra2 Bb7 33. Rh2 Kg8 34. g5 Qc8 35. Qe2 Qd7 36. Bb5 Qe7 37. Qxe7 Bxe7 38. Rxd4 Rxa3 39. Rc2 a6 40. Bd7 Bd8 41. Re4 Bxg5 42. fxg5 Rg3+ 43. Kf2 1-0